000 00339nam a2200145 i 4500
001 bg
100 1 _aGREŃ, Jerzy
245 0 _aStatystyka matematyczna. Modele i zadania /
_cJerzy Greń.
250 _aWyd.4.
260 _aWarszawa,
_c1975.
040 _cBPK
041 _apol
942 _cKS
008 s pl f |000 0 pol
999 _c6644
_d6644
856 _uhttp://koha.tu.koszalin.pl/cgi-bin/koha/opac-detail.pl?biblionumber=6644
_yKatalog online BPK